| 000 | 00370nam a22001337a 4500 | ||
|---|---|---|---|
| 020 | _a0536836493 | ||
| 050 |
_aQA107.2 _b.C54 2004 |
||
| 100 | _aCleaves, Cherly | ||
| 245 |
_aBasic math, algebra & geometry: _bwith applications / _cCheryl Cleaves, Margie Hobbs |
||
| 260 |
_aNew Jersey _bPearson _c2004 |
||
| 300 | _8xvii,935 p. | ||
| 650 | _bBasic math | ||
| 942 |
_2lcc _cGEN |
||
| 999 |
_c12455 _d12455 |
||